Fr. Conceicao Rodrigues College of Engineering

Automatic control Engg (Record no. 23807)

MARC details
000 -LEADER
fixed length control field 00287nam a2200133Ia 4500
082 ## - DEWEY DECIMAL CLASSIFICATION NUMBER
Classification number 629.8
Item number RAV
100 ## - MAIN ENTRY--PERSONAL NAME
Personal name Raven/Francis H
245 ## - TITLE STATEMENT
Title Automatic control Engg
260 ## - PUBLICATION, DISTRIBUTION, ETC.
Name of publisher, distributor, etc. Mc Graw Hill
Place of publication, distribution, etc. Bombay
Date of publication, distribution, etc. 1995
300 ## - PHYSICAL DESCRIPTION
Extent 619
546 ## - LANGUAGE NOTE
Language note ENGLISH
654 ## - SUBJECT ADDED ENTRY--FACETED TOPICAL TERMS
Focus term automatic
942 ## - ADDED ENTRY ELEMENTS (KOHA)
Koha item type BOOK
Holdings
Withdrawn status Lost status Damaged status Not for loan Collection Home library Current library Shelving location Date acquired Total Checkouts Full call number Barcode Date last seen Price effective from Koha item type
        CRC Fr. Agnel's C.Rodrigues College of Engineering Fr. Agnel's C.Rodrigues College of Engineering   17/03/2023   629.8 RAV 9485 17/03/2023 17/03/2023 BOOK
        CRC Fr. Agnel's C.Rodrigues College of Engineering Fr. Agnel's C.Rodrigues College of Engineering   17/03/2023   629.8 RAV 9486 17/03/2023 17/03/2023 BOOK